Ấn Độ hôm qua và hôm nay
Giới thiệu về đất nước và con nguời Ấn Độ. Trình bày những nét khái quát về lịch sử Ấn Độ; những giá trị truyền thống của Ấn Độ; chính sách đối ngoại của Ấn độ và quan hệ Ấn Độ - Việt Nam.
Đã lưu trong:
| Tác giả chính: | |
|---|---|
| Định dạng: | Sách |
| Năm xuất bản: |
H.
Chính trị Quốc gia
1995
|
| Chủ đề: | |
| Tags: |
Thêm thẻ
Không có thẻ, Hãy là người đầu tiên gắn thẻ bản ghi này!
|
| LEADER | 01115nam a2200205 4500 | ||
|---|---|---|---|
| 082 | |a 954 |b Đ312TR | ||
| 100 | |a Đinh Trung Kiên | ||
| 245 | |a Ấn Độ hôm qua và hôm nay |c Đinh Trung Kiên | ||
| 260 | |a H. |b Chính trị Quốc gia |c 1995 | ||
| 300 | |a 187tr. |c 19cm | ||
| 520 | |a Giới thiệu về đất nước và con nguời Ấn Độ. Trình bày những nét khái quát về lịch sử Ấn Độ; những giá trị truyền thống của Ấn Độ; chính sách đối ngoại của Ấn độ và quan hệ Ấn Độ - Việt Nam. | ||
| 653 | |a Lịch sử | ||
| 653 | |a Ấn Độ | ||
| 653 | |a Văn hóa | ||
| 653 | |a Truyền thống | ||
| 653 | |a Chính sách đối ngoại | ||
| 942 | |2 ddc |c STK0 | ||
| 999 | |c 2214 |d 2214 | ||
| 952 | |0 0 |1 0 |2 ddc |4 0 |6 954_000000000000000_Đ312TR |7 1 |8 900 |9 30479 |a qbu |b qbu |c D5 |d 2014-12-12 |g 20000 |o 954 Đ312TR |p 4185.C1 |r 0000-00-00 |w 2014-12-12 |y STK0 |0 0 |6 954_000000000000000_Đ312TR | ||
| 952 | |0 0 |1 0 |2 ddc |4 0 |6 954_000000000000000_Đ312TR |7 0 |8 900 |9 30480 |a qbu |b qbu |c D5 |d 2014-12-12 |g 20000 |o 954 Đ312TR |p 4185.C2 |r 0000-00-00 |w 2014-12-12 |y STK0 |0 0 |6 954_000000000000000_Đ312TR | ||